[Event "GBR-ch89 Major Open"]
[Site "Torquay"]
[Date "2002.08.09"]
[Round "11"]
[White "Williams, Samuel G"]
[Black "Prokopchuk, Evgeny"]
[Result "0-1"]
[WhiteElo "2141"]
[BlackElo "2514"]
[PlyCount "76"]
[EventDate "2002.07.29"]
[EventType "swiss"]
[EventRounds "11"]
[EventCountry "GBR"]

1. e4 d6 2. d4 Nf6 3. Nc3 e5 4. Nf3 Nbd7 5. Bc4 Be7 6. Bxf7+ Kxf7 7. Ng5+ Kg8
8. Ne6 Qe8 9. Nxc7 Qg6 10. Nxa8 Qxg2 11. Rf1 exd4 12. Qxd4 Ne5 13. f4 Nfg4 14.
Qd5+ Nf7 15. Qc4 Bh4+ 16. Kd1 Be6 17. Qb5 Bd7 18. Qe2 Ne3+ 19. Bxe3 Bg4 20. Kd2
Bxe2 21. Rg1 Qh3 22. Kxe2 Qc8 23. Bd4 g6 24. Raf1 Qxa8 25. f5 g5 26. Nd5 Ne5
27. Rd1 Kf7 28. Bxe5 dxe5 29. Rd3 Rd8 30. Rgd1 b6 31. Kf3 h5 32. a4 g4+ 33. Kg2
Qc6 34. b3 Qxc2+ 35. R1d2 Qc5 36. Kf1 Bg5 37. Re2 h4 38. Rc3 Rxd5 0-1

[Event "GBR-ch89 Senior"]
[Site "Torquay"]
[Date "2002.08.03"]
[Round "1"]
[White "Anderton, David W"]
[Black "Pinkerton, Arthur"]
[Result "1/2-1/2"]
[WhiteElo "2152"]
[BlackElo "1768"]
[PlyCount "64"]
[EventDate "2002.08.03"]
[EventType "swiss"]
[EventRounds "7"]
[EventCountry "GBR"]

1. d4 Nf6 2. c4 e6 3. Nc3 Bb4 4. e3 c5 5. Bd3 b6 6. Nge2 Bb7 7. O-O cxd4 8.
exd4 d6 9. a3 Bxc3 10. Nxc3 Nc6 11. Be3 O-O 12. Rc1 Rc8 13. Re1 h6 14. Bb1 Na5
15. b3 d5 16. cxd5 Nxd5 17. Qd3 f5 18. Ne2 Nxe3 19. Rxc8 Bxc8 20. Qxe3 Qd5 21.
Bc2 Qd6 22. Nf4 Nc6 23. Rd1 Rd8 24. d5 e5 25. Ne2 Ne7 26. Nc3 a6 27. b4 g5 28.
h3 Kg7 29. Bb3 Bd7 30. Re1 Ng6 31. Ne2 Rf8 32. f3 Rd8 1/2-1/2

[Event "GBR-ch89 Senior"]
[Site "Torquay"]
[Date "2002.08.03"]
[Round "1"]
[White "Byre, Peter I R"]
[Black "Boyce, James R"]
[Result "0-1"]
[WhiteElo "1632"]
[BlackElo "1960"]
[PlyCount "108"]
[EventDate "2002.08.03"]
[EventType "swiss"]
[EventRounds "7"]
[EventCountry "GBR"]

1. e4 e5 2. Nf3 Nf6 3. Nxe5 d6 4. Nf3 Nxe4 5. d4 d5 6. Bd3 Be7 7. O-O Nc6 8. c3
Bg4 9. Nbd2 f5 10. Qb3 Nxd2 11. Nxd2 O-O 12. f4 Na5 13. Qc2 Qd7 14. Nf3 Bxf3
15. Rxf3 Nc4 16. Bxc4 dxc4 17. Qe2 b5 18. b3 cxb3 19. axb3 Rfe8 20. Re3 Bf6 21.
Kh1 Rxe3 22. Qxe3 Re8 23. Qf2 Qe6 24. h3 Qe1+ 25. Qxe1 Rxe1+ 26. Kh2 b4 27. Bb2
Rxa1 28. Bxa1 bxc3 29. Bxc3 c5 30. Kg3 Bxd4 31. Ba5 Kf7 32. Kh4 Ke6 33. g4 g6
34. Kg5 Bg7 35. gxf5+ gxf5 36. h4 Bf6+ 37. Kh6 Bxh4 38. Kxh7 Kd5 39. Kg6 Ke4
40. Bc7 Bg3 41. Kg5 Bf2 42. Bd6 Be3 43. Be5 Bd2 44. Bb8 a5 45. Ba7 Bb4 46. Bb6
Kd3 47. Kxf5 Kc3 48. Ke6 Kxb3 49. f5 c4 50. f6 c3 51. Be3 a4 52. f7 c2 53. Kd5
a3 54. Bd2 Bf8 0-1

[Event "GBR-ch89 Senior"]
[Site "Torquay"]
[Date "2002.08.03"]
[Round "1"]
[White "Cook, Michael P"]
[Black "Donaghay, Richard H"]
[Result "1/2-1/2"]
[WhiteElo "2088"]
[BlackElo "1712"]
[PlyCount "81"]
[EventDate "2002.08.03"]
[EventType "swiss"]
[EventRounds "7"]
[EventCountry "GBR"]

1. d4 d6 2. Nf3 Bg4 3. e3 Nd7 4. h3 Bxf3 5. Qxf3 Rb8 6. Bd3 Ngf6 7. O-O g6 8.
e4 e5 9. c3 Bg7 10. Bg5 O-O 11. Nd2 c6 12. dxe5 dxe5 13. Rfd1 Qc7 14. Qe3 Qb6
15. Nc4 Qxe3 16. Bxe3 b6 17. f3 Rfd8 18. Bc2 Ne8 19. Rd2 Nf8 20. Rad1 Ne6 21.
Bf2 Rxd2 22. Rxd2 Rd8 23. Rxd8 Nxd8 24. Bg3 f6 25. Bb3 Kf8 26. f4 b5 27. Na5
Nd6 28. Bc2 Ke7 29. fxe5 fxe5 30. Bf2 Nc8 31. Bd1 Nb6 32. Bc5+ Kd7 33. b3 Bh6
34. Bg4+ Kc7 35. Ba3 Bd2 36. Bb2 h5 37. Bf3 Ne6 38. g3 Nd7 39. Kf2 Ndc5 40. Ke2
Bh6 41. Ba3 1/2-1/2

[Event "GBR-ch89 Senior"]
[Site "Torquay"]
[Date "2002.08.03"]
[Round "1"]
[White "Downham, Alan"]
[Black "Thomas, Norman G"]
[Result "1-0"]
[WhiteElo "1880"]
[BlackElo "1584"]
[PlyCount "35"]
[EventDate "2002.08.03"]
[EventType "swiss"]
[EventRounds "7"]
[EventCountry "GBR"]

1. c4 Nf6 2. Nc3 e6 3. e4 d5 4. cxd5 exd5 5. e5 Nfd7 6. d4 Nb6 7. Nf3 Be7 8.
Bd3 Be6 9. Be3 N8d7 10. Rc1 c6 11. Nd2 O-O 12. Ne2 f6 13. Nf4 Nxe5 14. dxe5 Qd7
15. Qh5 f5 16. O-O Bf7 17. Qxf5 Qxf5 18. Bxf5 1-0

[Event "GBR-ch89 Senior"]
[Site "Torquay"]
[Date "2002.08.03"]
[Round "1"]
[White "Flockhart, Hugh S"]
[Black "Macdonald-Ross, Michael"]
[Result "1/2-1/2"]
[WhiteElo "1704"]
[BlackElo "2064"]
[PlyCount "68"]
[EventDate "2002.08.03"]
[EventType "swiss"]
[EventRounds "7"]
[EventCountry "GBR"]

1. e4 d6 2. d4 Nf6 3. Nc3 c6 4. Be3 Qa5 5. f3 e5 6. Qd2 Be7 7. O-O-O b5 8. Kb1
Nbd7 9. Nh3 Rb8 10. Nf2 Nb6 11. dxe5 dxe5 12. Nd5 Qxd2 13. Nxf6+ Bxf6 14. Bxd2
Be6 15. Bb4 Be7 16. Bc3 f6 17. b3 O-O 18. g3 b4 19. Bb2 c5 20. f4 c4 21. bxc4
Na4 22. fxe5 Nxb2 23. Kxb2 fxe5 24. Nd3 Bxc4 25. Nc1 Be6 26. Nd3 Rbc8 27. Rd2
Rc6 28. Nc1 Bg5 29. Rd1 Bg4 30. Bb5 Rc5 31. Rd5 Rfc8 32. Rxc5 Rxc5 33. Ba4
Bxc1+ 34. Rxc1 Be6 1/2-1/2

[Event "GBR-ch89 Senior"]
[Site "Torquay"]
[Date "2002.08.03"]
[Round "1"]
[White "Heath, Jeffrey"]
[Black "Ellison, D George"]
[Result "0-1"]
[WhiteElo "1688"]
[BlackElo "2016"]
[PlyCount "76"]
[EventDate "2002.08.03"]
[EventType "swiss"]
[EventRounds "7"]
[EventCountry "GBR"]

1. e4 c5 2. Nf3 d6 3. g3 g6 4. Bg2 Bg7 5. d3 Nc6 6. O-O e6 7. Re1 Nge7 8. Nbd2
O-O 9. Rb1 Rb8 10. Nf1 b5 11. Bf4 e5 12. Bd2 Be6 13. Ra1 h6 14. Qc1 Kh7 15. h4
Qd7 16. Kh2 f5 17. Kg1 Rf7 18. N1h2 Rbf8 19. Be3 Nd4 20. Bxd4 cxd4 21. Qd1 fxe4
22. dxe4 Ng8 23. b3 Nf6 24. Qd3 Ng4 25. Rf1 d5 26. Nxg4 dxe4 27. Nfxe5 exd3 28.
Nxd7 Bxd7 29. f3 dxc2 30. Rac1 d3 31. Nf2 Bd4 32. Kh2 Bf5 33. g4 Bxf2 34. Rxf2
Bxg4 35. Rd2 Bf5 36. Bf1 Rd8 37. Kg3 Re7 38. Kf2 Rd5 0-1

[Event "GBR-ch89 Senior"]
[Site "Torquay"]
[Date "2002.08.03"]
[Round "1"]
[White "Macrae, James"]
[Black "Levens, David G"]
[Result "1-0"]
[WhiteElo "1520"]
[BlackElo "1848"]
[PlyCount "99"]
[EventDate "2002.08.03"]
[EventType "swiss"]
[EventRounds "7"]
[EventCountry "GBR"]

1. d4 Nf6 2. Nf3 c5 3. e3 g6 4. Bd3 Bg7 5. c3 d5 6. Nbd2 cxd4 7. exd4 Nc6 8.
O-O O-O 9. Re1 Nd7 10. Nf1 e5 11. dxe5 Ndxe5 12. Nxe5 Nxe5 13. Bc2 Bg4 14. Qd2
h5 15. Bd1 Be6 16. Bc2 Rc8 17. Qg5 Bf6 18. Qe3 Re8 19. Ba4 Ng4 20. Qe2 Re7 21.
h3 Ne5 22. Bf4 Nc6 23. Qf3 d4 24. Rad1 Bd5 25. Qd3 Rxe1 26. Rxe1 dxc3 27. bxc3
Bxa2 28. Qg3 Be6 29. Rxe6 fxe6 30. Qxg6+ Bg7 31. Qxe6+ Kh8 32. Bc2 Ne7 33. Qe4
Kg8 34. Qh7+ Kf8 35. Bh6 Bxh6 36. Qxh6+ Ke8 37. Ba4+ Nc6 38. Qe6+ Kf8 39. Bb3
Kg7 40. Qf7+ Kh6 41. Ng3 Rc7 42. Qxh5+ Kg7 43. Nf5+ Kf6 44. Ne3 Kg7 45. Bc2 Kf8
46. Qh8+ Ke7 47. Qg7+ Kd6 48. Qg6+ Kc5 49. Qf5+ Kb6 50. Nd5+ 1-0

[Event "GBR-ch89 Senior"]
[Site "Torquay"]
[Date "2002.08.03"]
[Round "1"]
[White "Nicolson, James R"]
[Black "Westra, Roelof D"]
[Result "1/2-1/2"]
[WhiteElo "1656"]
[BlackElo "2000"]
[PlyCount "31"]
[EventDate "2002.08.03"]
[EventType "swiss"]
[EventRounds "7"]
[EventCountry "GBR"]

1. c4 Nf6 2. g3 c6 3. Nf3 d5 4. b3 e6 5. Bg2 Be7 6. O-O O-O 7. Bb2 Nbd7 8. d4
b6 9. Nc3 Bb7 10. Rc1 dxc4 11. bxc4 c5 12. d5 Bd6 13. e4 Ne5 14. Nb5 Nxf3+ 15.
Qxf3 Bb8 16. Bxf6 1/2-1/2

[Event "GBR-ch89 Senior"]
[Site "Torquay"]
[Date "2002.08.03"]
[Round "1"]
[White "Reddie, Michael J"]
[Black "Gill, Neville"]
[Result "0-1"]
[WhiteElo "1800"]
[BlackElo "2112"]
[PlyCount "100"]
[EventDate "2002.08.03"]
[EventType "swiss"]
[EventRounds "7"]
[EventCountry "GBR"]

1. d4 Nf6 2. Bg5 c6 3. Nc3 Qb6 4. Rb1 d5 5. f3 Bf5 6. e3 Nbd7 7. Bd3 Bxd3 8.
cxd3 e5 9. dxe5 Nxe5 10. d4 Ned7 11. Nge2 Bb4 12. a3 Bxc3+ 13. Nxc3 O-O 14. O-O
Rfe8 15. Re1 Re6 16. b4 Rae8 17. Qd3 h6 18. Bh4 Qc7 19. Bg3 Qd8 20. Rbc1 Qe7
21. Bf2 Nb6 22. Ne2 g5 23. Ng3 Nc8 24. Nf5 Qf8 25. Qc3 Nd6 26. Nxd6 Qxd6 27.
Qc5 a6 28. Qxd6 Rxd6 29. Rc3 Rde6 30. Bg3 Nd7 31. Bc7 f5 32. g3 Rc8 33. Be5
Nxe5 34. dxe5 Rxe5 35. Kf2 Rce8 36. Rc5 Kf7 37. Rcc1 f4 38. exf4 Rxe1 39. Rxe1
Rxe1 40. Kxe1 gxf4 41. g4 h5 42. h3 hxg4 43. hxg4 b6 44. Kd2 c5 45. bxc5 bxc5
46. Kd3 a5 47. Kc3 Ke6 48. Kd2 d4 49. Kc2 c4 50. Kd2 d3 0-1

[Event "GBR-ch89 Senior"]
[Site "Torquay"]
[Date "2002.08.03"]
[Round "1"]
[White "Reuben, Stewart"]
[Black "Woodcock, Roy"]
[Result "1/2-1/2"]
[WhiteElo "2000"]
[BlackElo "1664"]
[PlyCount "45"]
[EventDate "2002.08.03"]
[EventType "swiss"]
[EventRounds "7"]
[EventCountry "GBR"]

1. c4 Nf6 2. g3 e6 3. b3 Be7 4. Bg2 O-O 5. Bb2 c6 6. e4 d5 7. e5 Ne8 8. Ne2 f6
9. Nf4 fxe5 10. Bxe5 Bf6 11. Qe2 Bxe5 12. Qxe5 Qf6 13. Qxf6 Rxf6 14. d4 Nd6 15.
Nd2 Nd7 16. Bh3 Nf8 17. O-O Bd7 18. Rfe1 Re8 19. Rac1 Nf7 20. cxd5 exd5 21.
Rxe8 Bxe8 22. Re1 Nd6 23. Re7 1/2-1/2

[Event "GBR-ch89 Senior"]
[Site "Torquay"]
[Date "2002.08.03"]
[Round "1"]
[White "Smith, Ivor BN"]
[Black "Tidmarsh, David A"]
[Result "1/2-1/2"]
[WhiteElo "1976"]
[BlackElo "1648"]
[PlyCount "34"]
[EventDate "2002.08.03"]
[EventType "swiss"]
[EventRounds "7"]
[EventCountry "GBR"]

1. e4 d5 2. exd5 Qxd5 3. Nc3 Qa5 4. Nf3 Nf6 5. Bc4 Bf5 6. O-O e6 7. d4 c6 8.
Re1 Be7 9. Ne5 Nbd7 10. Bf4 Nxe5 11. Rxe5 Qb4 12. Bb3 Rd8 13. Ne2 O-O 14. a4
Nd5 15. c3 Qb6 16. a5 Qa6 17. Bxd5 cxd5 1/2-1/2

[Event "GBR-ch89 Senior"]
[Site "Torquay"]
[Date "2002.08.03"]
[Round "1"]
[White "Toothill, John"]
[Black "Smith, David"]
[Result "1-0"]
[WhiteElo "2048"]
[BlackElo "1704"]
[PlyCount "109"]
[EventDate "2002.08.03"]
[EventType "swiss"]
[EventRounds "7"]
[EventCountry "GBR"]

1. e4 Nf6 2. e5 Nd5 3. Nc3 Nxc3 4. dxc3 d5 5. Bf4 g6 6. Nf3 Bg7 7. Qd2 Bg4 8.
Nd4 O-O 9. h3 Bd7 10. Be2 Nc6 11. Nf3 e6 12. O-O-O f6 13. c4 d4 14. Nxd4 fxe5
15. Bg5 Bf6 16. Nf3 Nd4 17. Bxf6 Qxf6 18. Nxd4 exd4 19. Qxd4 Qxd4 20. Rxd4 Bc6
21. f3 e5 22. Rg4 Rae8 23. Bd3 Rf4 24. Re1 Rxg4 25. hxg4 Kg7 26. Be4 Bxe4 27.
Rxe4 g5 28. c5 Kf6 29. Rb4 b6 30. cxb6 axb6 31. Rc4 Re7 32. Rc6+ Kf7 33. Rc4
Ke6 34. Kd2 Kd5 35. Kc3 c5 36. a4 Rc7 37. Re4 c4 38. Re1 Ra7 39. Kb4 Kd4 40.
Re4+ Kd5 41. c3 Ra5 42. Re1 Rc5 43. Rh1 Rc7 44. Kb5 Rc5+ 45. Kxb6 Rc6+ 46. Kb7
Kc5 47. a5 Kb5 48. Rd1 Re6 49. Rd5+ Ka4 50. a6 Re7+ 51. Kb8 Re8+ 52. Kc7 Kb3
53. Rb5+ Ka4 54. Rb4+ Ka5 55. Rxc4 1-0

[Event "GBR-ch89 Senior"]
[Site "Torquay"]
[Date "2002.08.04"]
[Round "2"]
[White "Boyce, James R"]
[Black "Toothill, John"]
[Result "1/2-1/2"]
[WhiteElo "1960"]
[BlackElo "2048"]
[PlyCount "36"]
[EventDate "2002.08.03"]
[EventType "swiss"]
[EventRounds "7"]
[EventCountry "GBR"]

1. e4 e5 2. Nc3 Nf6 3. g3 Bc5 4. Bg2 d6 5. Nge2 Nc6 6. Na4 Be6 7. d3 Qd7 8.
Nxc5 dxc5 9. Be3 b6 10. O-O h5 11. f4 Bh3 12. f5 Bxg2 13. Kxg2 O-O-O 14. b3 Ng4
15. Bg1 Nd4 16. h3 Nf6 17. Be3 Qc6 18. Nxd4 cxd4 1/2-1/2

[Event "GBR-ch89 Senior"]
[Site "Torquay"]
[Date "2002.08.04"]
[Round "2"]
[White "Donaghay, Richard H"]
[Black "Anderton, David W"]
[Result "0-1"]
[WhiteElo "1712"]
[BlackElo "2152"]
[PlyCount "56"]
[EventDate "2002.08.03"]
[EventType "swiss"]
[EventRounds "7"]
[EventCountry "GBR"]

1. e4 e6 2. d3 d5 3. Nd2 c5 4. g3 Nc6 5. Bg2 b6 6. Nh3 Nf6 7. Qe2 Be7 8. e5 Nd7
9. f4 g6 10. c3 Qc7 11. Nf3 Ba6 12. Nf2 h5 13. Bd2 b5 14. d4 cxd4 15. cxd4 Qb6
16. Qe3 Nxd4 17. Nxd4 Bc5 18. Bc3 b4 19. Nd1 bxc3 20. bxc3 Nb8 21. Qd2 Bxd4 22.
cxd4 Nc6 23. Nc3 Qxd4 24. O-O-O Qc5 25. Qc2 Rb8 26. Na4 Qe3+ 27. Rd2 Nd4 28.
Qc5 Rc8 0-1

[Event "GBR-ch89 Senior"]
[Site "Torquay"]
[Date "2002.08.04"]
[Round "2"]
[White "Ellison, D George"]
[Black "Macrae, James"]
[Result "1-0"]
[WhiteElo "2016"]
[BlackElo "1520"]
[PlyCount "81"]
[EventDate "2002.08.03"]
[EventType "swiss"]
[EventRounds "7"]
[EventCountry "GBR"]

1. c4 c5 2. Nc3 e6 3. e4 Nc6 4. Nf3 Nf6 5. d3 d5 6. Be2 dxc4 7. dxc4 Qxd1+ 8.
Bxd1 a6 9. Bf4 Be7 10. Ba4 Bd7 11. Rd1 O-O-O 12. e5 Nh5 13. Be3 g6 14. O-O Nb8
15. Ng5 Rdf8 16. Nge4 Bxa4 17. Nxa4 Rd8 18. g4 Ng7 19. Bxc5 Bxc5 20. Naxc5 b6
21. Nb3 Kc7 22. Ng5 Rhf8 23. Nxh7 Rh8 24. Ng5 Rxd1 25. Rxd1 Rf8 26. Ne4 Nc6 27.
f4 Ne8 28. Nd4 Nxd4 29. Rxd4 Rh8 30. Kg2 Rh4 31. Kg3 Rh8 32. h4 Ng7 33. Nf6 Rf8
34. Rd7+ Kc6 35. b4 a5 36. a3 axb4 37. axb4 Ne8 38. Rd8 Nxf6 39. Rxf8 Ne4+ 40.
Kg2 Nd2 41. h5 1-0

[Event "GBR-ch89 Senior"]
[Site "Torquay"]
[Date "2002.08.04"]
[Round "2"]
[White "Gill, Neville"]
[Black "Downham, Alan"]
[Result "1-0"]
[WhiteElo "2112"]
[BlackElo "1880"]
[PlyCount "57"]
[EventDate "2002.08.03"]
[EventType "swiss"]
[EventRounds "7"]
[EventCountry "GBR"]

1. Nf3 Nf6 2. c4 e6 3. Nc3 b6 4. g3 Bb7 5. Bg2 c5 6. O-O d6 7. d4 Be7 8. d5
exd5 9. Nh4 Nbd7 10. Nf5 O-O 11. Bf4 Ne5 12. Nxd5 Nxd5 13. Bxd5 Bxd5 14. Qxd5
Re8 15. Rad1 Bf8 16. b3 Re6 17. Rd2 g5 18. Bxe5 Rxe5 19. Qf3 Rc8 20. Ne3 Re6
21. Nd5 Bg7 22. Qf5 Re5 23. Qf3 Re6 24. e3 Qf8 25. Qf5 h6 26. f4 gxf4 27. Rxf4
Rce8 28. Rdf2 Re5 29. Qd7 1-0

[Event "GBR-ch89 Senior"]
[Site "Torquay"]
[Date "2002.08.04"]
[Round "2"]
[White "Levens, David G"]
[Black "Heath, Jeffrey"]
[Result "1-0"]
[WhiteElo "1848"]
[BlackElo "1688"]
[PlyCount "79"]
[EventDate "2002.08.03"]
[EventType "swiss"]
[EventRounds "7"]
[EventCountry "GBR"]

1. e4 c5 2. Nf3 e6 3. d4 cxd4 4. Nxd4 Nf6 5. Bd3 Nc6 6. Nb3 d5 7. exd5 exd5 8.
O-O Be7 9. Bf4 O-O 10. N1d2 Be6 11. Nf3 Bd6 12. Bg5 h6 13. Bh4 Ne5 14. Nxe5
Bxe5 15. c3 Bd6 16. Nd4 Bc5 17. Nf5 Bxf5 18. Bxf5 g5 19. Bg3 Ne4 20. Be5 Re8
21. Bd4 Qb6 22. Bxc5 Qxc5 23. Qd3 Rad8 24. Rad1 Qb6 25. Qc2 Qf6 26. Bg4 Qb6 27.
Rd4 Nf6 28. Bf5 Qa6 29. h4 Kg7 30. hxg5 hxg5 31. Qd2 Rh8 32. Qxg5+ Kf8 33. Rh4
Rg8 34. Qh6+ Rg7 35. Re1 Rd6 36. Qe3 Ne4 37. Bxe4 dxe4 38. Rxe4 Rxg2+ 39. Kxg2
Rg6+ 40. Kh3 1-0

[Event "GBR-ch89 Senior"]
[Site "Torquay"]
[Date "2002.08.04"]
[Round "2"]
[White "Macdonald-Ross, Michael"]
[Black "Nicolson, James R"]
[Result "1-0"]
[WhiteElo "2064"]
[BlackElo "1656"]
[PlyCount "37"]
[EventDate "2002.08.03"]
[EventType "swiss"]
[EventRounds "7"]
[EventCountry "GBR"]

1. d4 Nf6 2. Nf3 c5 3. d5 b5 4. Bg5 Ne4 5. Bh4 g6 6. Nbd2 Nxd2 7. Qxd2 Bg7 8.
c3 d6 9. e4 Bd7 10. Be2 O-O 11. O-O a5 12. Rfe1 Na6 13. h3 Re8 14. Bf1 Qc7 15.
Bg3 e5 16. dxe6 Rxe6 17. Ng5 Rae8 18. Nxe6 Rxe6 19. Rad1 1-0

[Event "GBR-ch89 Senior"]
[Site "Torquay"]
[Date "2002.08.04"]
[Round "2"]
[White "Pinkerton, Arthur"]
[Black "Cook, Michael P"]
[Result "0-1"]
[WhiteElo "1768"]
[BlackElo "2088"]
[PlyCount "36"]
[EventDate "2002.08.03"]
[EventType "swiss"]
[EventRounds "7"]
[EventCountry "GBR"]

1. d4 d5 2. c4 e6 3. Nf3 c5 4. e3 Nf6 5. Nc3 Nc6 6. Be2 Bd6 7. dxc5 Bxc5 8.
cxd5 exd5 9. O-O O-O 10. Nb5 Bg4 11. Nbd4 Re8 12. Re1 Ne4 13. Bd2 Nxd2 14. Qxd2
Bb4 15. Nxc6 Bxd2 16. Nxd8 Bxe1 17. Nxf7 Bb4 18. N7e5 Rxe5 0-1

[Event "GBR-ch89 Senior"]
[Site "Torquay"]
[Date "2002.08.04"]
[Round "2"]
[White "Smith, David"]
[Black "Byre, Peter I R"]
[Result "0-1"]
[WhiteElo "1704"]
[BlackElo "1632"]
[PlyCount "56"]
[EventDate "2002.08.03"]
[EventType "swiss"]
[EventRounds "7"]
[EventCountry "GBR"]

1. e4 c5 2. Nf3 Nc6 3. d4 cxd4 4. Nxd4 e5 5. Nb5 d6 6. N1c3 a6 7. Na3 b5 8. Nd5
Be7 9. Be3 Rb8 10. Qd2 Nf6 11. Nxf6+ Bxf6 12. O-O-O Be7 13. f4 exf4 14. Bxf4
Ne5 15. Qe3 Qc7 16. Bxe5 dxe5 17. Rd3 O-O 18. Rc3 Qd8 19. Qf3 Bg5+ 20. Kb1 Be6
21. Rd3 Qa5 22. Rd6 Rfd8 23. Rxd8+ Rxd8 24. Be2 Rc8 25. Qf1 Be7 26. Qe1 Qa4 27.
Bd3 Bxa3 28. bxa3 Qxa3 0-1

[Event "GBR-ch89 Senior"]
[Site "Torquay"]
[Date "2002.08.04"]
[Round "2"]
[White "Thomas, Norman G"]
[Black "Reddie, Michael J"]
[Result "0-1"]
[WhiteElo "1584"]
[BlackElo "1800"]
[PlyCount "54"]
[EventDate "2002.08.03"]
[EventType "swiss"]
[EventRounds "7"]
[EventCountry "GBR"]

1. e4 c5 2. Nf3 Nc6 3. d4 cxd4 4. Nxd4 Nf6 5. Nc3 e5 6. Ndb5 d6 7. Nd5 Nxd5 8.
exd5 Nb8 9. c4 a6 10. Nc3 Be7 11. Bd3 O-O 12. O-O f5 13. Re1 Nd7 14. Be3 e4 15.
Bc2 Ne5 16. b3 Bd7 17. Bd4 Bf6 18. Ne2 Qe7 19. Nf4 Bg5 20. Be3 Ng4 21. Bc1 Qe5
22. Rb1 Bxf4 23. Bb2 Qe7 24. g3 Be5 25. f3 Bxb2 26. fxg4 Qe5 27. gxf5 Bxf5 0-1

[Event "GBR-ch89 Senior"]
[Site "Torquay"]
[Date "2002.08.04"]
[Round "2"]
[White "Tidmarsh, David A"]
[Black "Reuben, Stewart"]
[Result "0-1"]
[WhiteElo "1648"]
[BlackElo "2000"]
[PlyCount "80"]
[EventDate "2002.08.03"]
[EventType "swiss"]
[EventRounds "7"]
[EventCountry "GBR"]

1. e4 c5 2. Nf3 Nc6 3. d4 cxd4 4. Nxd4 g6 5. Be3 Nf6 6. Nc3 Bg7 7. f3 O-O 8. g4
Qb6 9. Na4 Qa5+ 10. c3 Nxd4 11. Bxd4 d6 12. b4 Qc7 13. g5 Ne8 14. Bxg7 Nxg7 15.
c4 Be6 16. Qd4 Bd7 17. Nb2 Ne6 18. Qe3 Qb6 19. Qxb6 axb6 20. Bh3 Ra3 21. O-O
Rfa8 22. Bxe6 Bxe6 23. b5 Rxa2 24. Rxa2 Rxa2 25. Rf2 Ra3 26. Kg2 Rc3 27. Na4
Rxc4 28. Nxb6 Rb4 29. Nd5 Bxd5 30. exd5 Rxb5 31. Rd2 Kf8 32. Kg3 Ke8 33. h4 Kd7
34. Kg4 e6 35. dxe6+ fxe6 36. Rd4 e5 37. Re4 Ke6 38. h5 Rd5 39. f4 Rd4 40. Rxd4
exd4 0-1

[Event "GBR-ch89 Senior"]
[Site "Torquay"]
[Date "2002.08.04"]
[Round "2"]
[White "Westra, Roelof D"]
[Black "Flockhart, Hugh S"]
[Result "1-0"]
[WhiteElo "2000"]
[BlackElo "1704"]
[PlyCount "56"]
[EventDate "2002.08.03"]
[EventType "swiss"]
[EventRounds "7"]
[EventCountry "GBR"]

1. e4 d5 2. Nc3 dxe4 3. Nxe4 Bf5 4. Ng3 Bg6 5. Nf3 e6 6. d4 h5 7. h4 Nf6 8. Ne5
Bh7 9. Bc4 c6 10. Qe2 Be7 11. Nxf7 Kxf7 12. Qxe6+ Ke8 13. Qf7+ Kd7 14. Bf4 Kc8
15. Qxg7 Nbd7 16. O-O-O b5 17. Be6 Kb7 18. d5 cxd5 19. Bxd5+ Nxd5 20. Rxd5 Rc8
21. c3 Ka8 22. Rhd1 Bf6 23. Qxd7 Qa5 24. R5d3 b4 25. Qd5+ Qxd5 26. Rxd5 bxc3
27. b3 Be7 28. Ra5 Bc5 1-0

[Event "GBR-ch89 Senior"]
[Site "Torquay"]
[Date "2002.08.04"]
[Round "2"]
[White "Woodcock, Roy"]
[Black "Smith, Ivor BN"]
[Result "0-1"]
[WhiteElo "1664"]
[BlackElo "1976"]
[PlyCount "58"]
[EventDate "2002.08.03"]
[EventType "swiss"]
[EventRounds "7"]
[EventCountry "GBR"]

1. e4 e5 2. Nf3 d5 3. exd5 e4 4. Ne5 Qxd5 5. d4 exd3 6. Nxd3 Bf5 7. Nc3 Qd7 8.
Bf4 Bd6 9. Qe2+ Ne7 10. O-O-O Bxd3 11. Rxd3 Bxf4+ 12. Kb1 Bd6 13. g3 Nbc6 14.
Bg2 O-O-O 15. Rhd1 a6 16. Na4 Qf5 17. Qf1 Qb5 18. Nc3 Qb6 19. Ne4 Be5 20. Rb3
Rxd1+ 21. Qxd1 Qd4 22. Qe2 Rd8 23. Kc1 f5 24. Ng5 Qg4 25. Nf3 Bd6 26. h3 Qa4
27. a3 h6 28. Nd2 Nd4 29. Bxb7+ Kb8 0-1

[Event "GBR-ch89 Senior"]
[Site "Torquay"]
[Date "2002.08.05"]
[Round "3"]
[White "Anderton, David W"]
[Black "Reuben, Stewart"]
[Result "1-0"]
[WhiteElo "2152"]
[BlackElo "2000"]
[PlyCount "101"]
[EventDate "2002.08.03"]
[EventType "swiss"]
[EventRounds "7"]
[EventCountry "GBR"]

1. d4 Nf6 2. c4 e6 3. Nc3 Bb4 4. Qc2 c5 5. dxc5 O-O 6. a3 Bxc5 7. Nf3 Nc6 8.
Bg5 Nd4 9. Nxd4 Bxd4 10. e3 Qa5 11. exd4 Qxg5 12. Bd3 d5 13. cxd5 exd5 14. O-O
Qf4 15. Ne2 Qd6 16. Rac1 Bd7 17. Qc5 Qxc5 18. dxc5 a5 19. b3 Rfc8 20. f3 b6 21.
cxb6 Rxc1 22. Rxc1 Rb8 23. Nd4 Rxb6 24. Rc5 a4 25. b4 Rb8 26. Bc2 Kf8 27. Kf2
Ke7 28. Nc6+ Bxc6 29. Rxc6 Ra8 30. Rc7+ Ke6 31. b5 Nd7 32. Rc6+ Ke7 33. Ra6
Rxa6 34. bxa6 Nb6 35. a7 Kd6 36. Bxa4 Kc7 37. Be8 f6 38. Ke3 Kb7 39. Kd4 Kxa7
40. Bc6 Nc4 41. a4 Kb6 42. Bxd5 Nd6 43. g4 Ka5 44. Bc6 Kb4 45. f4 Nc4 46. h4 h6
47. h5 Nb2 48. Kd5 Nd3 49. Ke4 Nf2+ 50. Kf5 Ka5 51. Bd7 1-0

[Event "GBR-ch89 Senior"]
[Site "Torquay"]
[Date "2002.08.05"]
[Round "3"]
[White "Byre, Peter I R"]
[Black "Levens, David G"]
[Result "0-1"]
[WhiteElo "1632"]
[BlackElo "1848"]
[PlyCount "44"]
[EventDate "2002.08.03"]
[EventType "swiss"]
[EventRounds "7"]
[EventCountry "GBR"]

1. e4 c5 2. Nf3 d6 3. Bb5+ Bd7 4. Bxd7+ Qxd7 5. c4 Nc6 6. d4 cxd4 7. Nxd4 Nf6
8. Nc3 g6 9. O-O Bg7 10. f4 Nxd4 11. Qxd4 O-O 12. f5 Ng4 13. Qd3 Ne5 14. Qe2
Rac8 15. Bg5 h6 16. f6 hxg5 17. fxg7 Kxg7 18. b3 Rh8 19. Qf2 Rxh2 20. Ne2 Rch8
21. Ng3 Qg4 22. Rad1 Qh4 0-1

[Event "GBR-ch89 Senior"]
[Site "Torquay"]
[Date "2002.08.05"]
[Round "3"]
[White "Cook, Michael P"]
[Black "Boyce, James R"]
[Result "1/2-1/2"]
[WhiteElo "2088"]
[BlackElo "1960"]
[PlyCount "57"]
[EventDate "2002.08.03"]
[EventType "swiss"]
[EventRounds "7"]
[EventCountry "GBR"]

1. d4 d5 2. Nf3 Nf6 3. c4 e6 4. e3 Be7 5. Nc3 O-O 6. Bd3 Nbd7 7. O-O b6 8. e4
dxe4 9. Nxe4 Bb7 10. Qe2 Nxe4 11. Bxe4 Bxe4 12. Qxe4 Nf6 13. Qe2 Re8 14. Rd1
Qc8 15. Bg5 Qb7 16. Rd3 c5 17. Rad1 cxd4 18. Rxd4 Rad8 19. Ne5 Rxd4 20. Rxd4
Rd8 21. Rxd8+ Bxd8 22. Qf3 Qxf3 23. Nxf3 h6 24. Be3 Nd7 25. Nd4 Bf6 26. b3 Bxd4
27. Bxd4 e5 28. Bc3 f6 29. f3 1/2-1/2

[Event "GBR-ch89 Senior"]
[Site "Torquay"]
[Date "2002.08.05"]
[Round "3"]
[White "Downham, Alan"]
[Black "Macrae, James"]
[Result "1-0"]
[WhiteElo "1880"]
[BlackElo "1520"]
[PlyCount "75"]
[EventDate "2002.08.03"]
[EventType "swiss"]
[EventRounds "7"]
[EventCountry "GBR"]

1. c4 c5 2. Nc3 Nc6 3. g3 e6 4. Bg2 Nf6 5. e4 Be7 6. Nge2 O-O 7. O-O d6 8. d3
a6 9. f4 Qc7 10. h3 Rb8 11. Be3 b5 12. Qd2 Bd7 13. g4 Rfd8 14. g5 Ne8 15. Bf2
Qb6 16. b3 Bf8 17. Rad1 Qc7 18. Bg3 g6 19. f5 b4 20. fxe6 Bxe6 21. Nd5 Bxd5 22.
exd5 Ne5 23. d4 Nd7 24. Qf4 Nb6 25. Kh1 Ng7 26. dxc5 Qxc5 27. Qxf7+ Kh8 28. Bf2
Qa5 29. Bd4 Nd7 30. Nf4 Ne5 31. Bxe5 dxe5 32. Nxg6+ hxg6 33. Qxg6 Rd6 34. Rxf8+
Rxf8 35. Qxd6 Re8 36. Qh6+ Kg8 37. Rf1 e4 38. g6 1-0